[Event "4NCL Division 3 North"]
[Site "Doncaster, ENG"]
[Date "2017.11.11"]
[Round "1.53"]
[White "Edwards, Simon R"]
[Black "Bennett, Patrick"]
[Result "1-0"]
[WhiteElo "1939"]
[BlackElo "2006"]
[PlyCount "43"]
[EventDate "2017.11.11"]
[WhiteTeam "Cheddleton 2"]
[BlackTeam "Holmes Chapel"]

1. e4 g6 2. Nf3 Bg7 3. d4 d6 4. Nc3 a6 5. Bg5 b5 6. Qd2 Bb7 7. Bd3 Nd7 8. O-O-O
c5 9. dxc5 Nxc5 10. Nd5 Na4 11. c3 Rc8 12. Bc2 Bxd5 13. Qxd5 Nxb2 14. Kxb2 Qa5
15. Rd3 Bxc3+ 16. Kb1 Nf6 17. Bxf6 Bxf6 18. e5 Qc7 19. Bb3 e6 20. Qxd6 Be7 21.
Qxc7 Rxc7 22. Rc1 1-0

[Event "4NCL Division 3 North"]
[Site "Doncaster, ENG"]
[Date "2017.11.11"]
[Round "1.54"]
[White "Pearson, Raymond"]
[Black "Floresc, Petru"]
[Result "0-1"]
[WhiteElo "1902"]
[BlackElo "1745"]
[PlyCount "80"]
[EventDate "2017.11.11"]
[WhiteTeam "Holmes Chapel"]
[BlackTeam "Cheddleton 2"]

1. c4 c5 2. Nf3 Nc6 3. g3 g6 4. Bg2 Bg7 5. O-O Nf6 6. Nc3 O-O 7. d4 cxd4 8.
Nxd4 a6 9. h3 Qc7 10. Be3 d6 11. Rc1 Ne5 12. b3 e6 13. Qd2 Re8 14. Rfd1 Qa5 15.
Nf3 Nc6 16. Kf1 Rd8 17. Nd4 Bd7 18. Nc2 Be8 19. b4 Qc7 20. b5 Ne5 21. b6 Qe7
22. Bg5 Nxc4 23. Qf4 d5 24. e4 h6 25. exd5 hxg5 26. Qxc4 exd5 27. Qb4 Qe5 28.
Re1 Qf5 29. Ne3 Qd3+ 30. Kg1 a5 31. Qb3 a4 32. Qb4 Bf8 33. Qb2 d4 34. Ncd1 a3
35. Qa1 Qd2 36. Nc2 Bg7 37. Re7 Rac8 38. Rc7 Bc6 39. Nxd4 Ne8 40. Nf3 Bxf3 0-1

[Event "4NCL Division 3 North"]
[Site "Doncaster, ENG"]
[Date "2017.11.11"]
[Round "1.55"]
[White "Armstrong, William G"]
[Black "Bates, Ian"]
[Result "1-0"]
[WhiteElo "1806"]
[BlackElo "1892"]
[PlyCount "76"]
[EventDate "2017.11.11"]
[WhiteTeam "Cheddleton 2"]
[BlackTeam "Holmes Chapel"]

1. Nf3 d5 2. g3 c5 3. Bg2 Nc6 4. c4 e6 5. O-O Nf6 6. b3 Be7 7. Bb2 O-O 8. d4
dxc4 9. bxc4 Qb6 10. Ba3 cxd4 11. Bxe7 Nxe7 12. Qxd4 Nc6 13. Qc3 Rd8 14. Nbd2
Bd7 15. Rab1 Qa5 16. Qc2 Qc7 17. Rfc1 Rac8 18. Ne4 Nxe4 19. Qxe4 f5 20. Qe3 e5
21. Ng5 e4 22. Qc5 Qe5 23. Qxe5 Nxe5 24. Rxb7 a5 25. Bh3 Rxc4 26. Rd1 Rc2 27.
Bxf5 Rf8 28. Bxd7 Rxe2 29. Be6+ Kh8 30. Nf7+ Nxf7 31. Rxf7 Re8 32. Kf1 Rb2 33.
Bb3 a4 34. Rdd7 e3 35. fxe3 Rxe3 36. Rxg7 Rbxb3 37. Rxh7+ Kg8 38. Rdg7+ Kf8 1-0

[Event "4NCL Division 3 North"]
[Site "Doncaster, ENG"]
[Date "2017.11.11"]
[Round "1.56"]
[White "Gissi, Alberto"]
[Black "Emmerton, Stephen J"]
[Result "1/2-1/2"]
[WhiteElo "1577"]
[BlackElo "1749"]
[PlyCount "86"]
[EventDate "2017.11.11"]
[WhiteTeam "Holmes Chapel"]
[BlackTeam "Cheddleton 2"]

1. e4 d5 2. exd5 Nf6 3. d4 Nxd5 4. c4 Nf6 5. Nc3 Bf5 6. Nf3 c6 7. Be2 e6 8. Nh4
Bg6 9. Nxg6 hxg6 10. Bg5 Nbd7 11. O-O Qc7 12. g3 O-O-O 13. Qc2 Be7 14. a3 Nb6
15. Rfd1 e5 16. dxe5 Qxe5 17. Bf4 Qe6 18. Bf1 Rxd1 19. Rxd1 Rd8 20. Rxd8+ Kxd8
21. Qd3+ Qd7 22. b4 Qxd3 23. Bxd3 Nfd7 24. c5 Nd5 25. Bd2 Nxc3 26. Bxc3 Bf6 27.
Bd2 b6 28. cxb6 axb6 29. a4 c5 30. a5 cxb4 31. a6 Kc7 32. Bxb4 Kb8 33. Bd6+ Ka7
34. Kg2 Be5 35. Bb5 Bxd6 36. Bxd7 Kxa6 37. Be8 f6 38. Bxg6 Kb5 39. Kf1 Kc5 40.
Ke2 Kd4 41. Be8 g5 42. Kf3 f5 43. Bd7 Ke5 1/2-1/2

[Event "4NCL Division 3 North"]
[Site "Doncaster, ENG"]
[Date "2017.11.11"]
[Round "1.61"]
[White "Collins, Richard A"]
[Black "Carpenter, Martin"]
[Result "1/2-1/2"]
[WhiteElo "1937"]
[BlackElo "2097"]
[PlyCount "51"]
[EventDate "2017.11.11"]
[WhiteTeam "Manchester Manticores 3"]
[BlackTeam "Jorvik"]

1. d4 Nf6 2. c4 e6 3. g3 Bb4+ 4. Bd2 a5 5. Bg2 O-O 6. a3 Bxd2+ 7. Nxd2 d5 8.
Ngf3 Nbd7 9. O-O b6 10. Qc2 Bb7 11. cxd5 exd5 12. e3 Re8 13. b4 c6 14. Qb2 Qe7
15. Rfc1 Ng4 16. Nf1 a4 17. h3 Ngf6 18. N1d2 Qd6 19. Rc3 Ba6 20. Rac1 Bb5 21.
Bf1 Qe6 22. Bxb5 cxb5 23. Kg2 Ne4 24. Nxe4 dxe4 25. Ng1 Qf5 26. Qe2 1/2-1/2

[Event "4NCL Division 3 North"]
[Site "Doncaster, ENG"]
[Date "2017.11.11"]
[Round "1.62"]
[White "Hodge, Steve R"]
[Black "Hilton, Tim"]
[Result "1-0"]
[WhiteElo "2027"]
[BlackElo "1967"]
[PlyCount "51"]
[EventDate "2017.11.11"]
[WhiteTeam "Jorvik"]
[BlackTeam "Manchester Manticores 3"]

1. e4 e6 2. d4 d5 3. Nd2 Nf6 4. e5 Nfd7 5. Bd3 c5 6. c3 Nc6 7. Ne2 cxd4 8. cxd4
f6 9. exf6 Nxf6 10. Nf3 Bd6 11. O-O Qc7 12. Bg5 O-O 13. Rc1 h6 14. Bh4 Nh5 15.
Bg3 Nxg3 16. hxg3 g5 17. a3 Qg7 18. Bb1 Bd7 19. Nc3 Na5 20. Ne5 Bxe5 21. dxe5
Nc4 22. Nxd5 Nxb2 23. Nf6+ Rxf6 24. exf6 Qf7 25. Qd4 Na4 26. Rc7 1-0

[Event "4NCL Division 3 North"]
[Site "Doncaster, ENG"]
[Date "2017.11.11"]
[Round "1.63"]
[White "Altham, John T"]
[Black "White, Mark W"]
[Result "1-0"]
[WhiteElo "1892"]
[BlackElo "2026"]
[Annotator "Barnes,Lara"]
[PlyCount "105"]
[EventDate "2017.11.11"]
[WhiteTeam "Manchester Manticores 3"]
[BlackTeam "Jorvik"]

1. d4 Nf6 2. Bf4 d5 3. e3 e6 4. c3 Bd6 5. Bg3 O-O 6. Nf3 Nbd7 7. Bd3 Nb6 8.
Nbd2 g6 9. Qe2 a5 10. a4 Re8 11. O-O Bd7 12. Bc2 Bc6 13. Ne5 Nbd7 14. Ndf3 Ra6
15. Nxd7 Nxd7 16. Ne5 Rb6 17. b3 Nxe5 18. dxe5 Bf8 19. Rad1 Qe7 20. Rd4 Bg7 21.
Rfd1 f5 22. f4 Rc8 23. Qe1 Be8 24. Bh4 Qa3 25. c4 c5 26. R4d2 dxc4 27. Rd8 Rbc6
28. bxc4 Qb4 29. Qe2 Qb6 30. Qd3 Rxd8 31. Bxd8 Qa6 32. Bh4 Qa8 33. Qc3 Kf7 34.
e4 b6 35. exf5 gxf5 36. Rd3 Qb7 37. Bd1 Kf8 38. Qd2 Qf7 39. Rd8 Kg8 40. Bf3 Rc7
41. Qd6 Bf8 42. Rxe8 Qxe8 43. Qxc7 Qxa4 44. h3 Qxc4 45. Bg5 Qc1+ 46. Kh2 h6 47.
Bh5 hxg5 48. Qf7+ Kh8 49. Qxf8+ Kh7 50. Qf7+ Kh8 51. Qf6+ Kg8 52. Bf7+ Kf8 53.
Bxe6+ 1-0

[Event "4NCL Division 3 North"]
[Site "Doncaster, ENG"]
[Date "2017.11.11"]
[Round "1.64"]
[White "Carpenter, James M"]
[Black "Lyth, John D"]
[Result "0-1"]
[WhiteElo "1952"]
[BlackElo "1900"]
[PlyCount "128"]
[EventDate "2017.11.11"]
[WhiteTeam "Jorvik"]
[BlackTeam "Manchester Manticores 3"]

1. e4 e5 2. Nf3 Nc6 3. Bb5 a6 4. Ba4 Nf6 5. O-O Be7 6. Re1 b5 7. Bb3 d6 8. c3
O-O 9. d4 Bg4 10. d5 Na5 11. Bc2 Ne8 12. h3 Bxf3 13. Qxf3 Bg5 14. Nd2 g6 15. a4
Ng7 16. b4 Nb7 17. Qe2 Qd7 18. Nf3 Bxc1 19. Rexc1 Nh5 20. Kh2 Rfb8 21. g3 Nd8
22. c4 bxa4 23. Rxa4 Qe7 24. Rca1 Rb6 25. b5 a5 26. Rxa5 Rab8 27. Ra8 Nf6 28.
Rxb8 Rxb8 29. Ra7 Nb7 30. Nd2 Nc5 31. Qe3 Qd8 32. Qa3 Nfd7 33. Nb3 Nxb3 34.
Qxb3 Ra8 35. Qa3 Rxa7 36. Qxa7 Qb8 37. Qxb8+ Nxb8 38. f4 f6 39. Kg2 Nd7 40. Kf3
Kf7 41. Ke3 h6 42. Bd1 Ke7 43. Bg4 Nc5 44. h4 Kf7 45. h5 g5 46. Bf5 Nb3 47.
fxe5 fxe5 48. Kd3 Nc5+ 49. Kc3 Ke7 50. Kb4 Kd8 51. Ka5 Nb3+ 52. Ka6 Nd2 53. c5
dxc5 54. d6 Nc4 55. dxc7+ Kxc7 56. Be6 Nb6 57. g4 Na4 58. Ka5 Nb6 59. Bd5 Nxd5
60. exd5 e4 61. b6+ Kb7 62. d6 e3 63. d7 e2 64. d8=Q e1=Q+ 0-1

[Event "4NCL Division 3 North"]
[Site "Doncaster, ENG"]
[Date "2017.11.11"]
[Round "1.65"]
[White "Potter, Steven"]
[Black "Cowan, Richard M"]
[Result "1/2-1/2"]
[WhiteElo "1870"]
[BlackElo "1851"]
[PlyCount "120"]
[EventDate "2017.11.11"]
[WhiteTeam "Manchester Manticores 3"]
[BlackTeam "Jorvik"]

1. d4 Nf6 2. Bg5 d5 3. Bxf6 exf6 4. e3 c6 5. Bd3 Bd6 6. Nd2 O-O 7. Ngf3 Bg4 8.
a3 b5 9. c3 Bh5 10. O-O Qc7 11. Qc2 Bg6 12. e4 Nd7 13. h3 Nb6 14. b3 Rac8 15.
c4 bxc4 16. bxc4 Nxc4 17. Nxc4 dxc4 18. Qxc4 Qe7 19. e5 Bxd3 20. Qxd3 fxe5 21.
dxe5 Bc5 22. a4 Rfd8 23. Qf5 g6 24. Qc2 Bb4 25. Rfd1 c5 26. Qc4 h6 27. h4 Qe6
28. Qc1 Rxd1+ 29. Qxd1 Bc3 30. Ra3 Bxe5 31. Re3 Qd6 32. Rd3 Qf6 33. h5 g5 34.
Nxe5 Qxe5 35. Re3 Qc7 36. Qc2 c4 37. Rc3 Re8 38. Qc1 Re4 39. g3 Qe5 40. Kf1 Qd5
41. Re3 Rxe3 42. Qxe3 Qh1+ 43. Ke2 Qxh5+ 44. Kd2 Qg6 45. Kc3 Qb6 46. Qxb6 axb6
47. g4 f5 48. f3 Kf7 49. Kxc4 Kg6 50. Kb5 h5 51. gxh5+ Kxh5 52. Kxb6 g4 53.
fxg4+ fxg4 54. a5 g3 55. a6 g2 56. a7 g1=Q+ 57. Kb7 Qg7+ 58. Kb8 Qf8+ 59. Kb7
Qe7+ 60. Kb8 Qd8+ 1/2-1/2

[Event "4NCL Division 3 North"]
[Site "Doncaster, ENG"]
[Date "2017.11.11"]
[Round "1.66"]
[White "Anderson, Paul W"]
[Black "Livesey, R Nigel"]
[Result "1-0"]
[WhiteElo "1783"]
[BlackElo "1840"]
[PlyCount "43"]
[EventDate "2017.11.11"]
[WhiteTeam "Jorvik"]
[BlackTeam "Manchester Manticores 3"]

1. c4 e6 2. Nc3 f5 3. e3 Nf6 4. a3 c6 5. d4 d5 6. Nf3 Be7 7. b3 O-O 8. Bb2 Bd7
9. Be2 Be8 10. O-O Bh5 11. Ng5 Bxe2 12. Nxe2 Qd7 13. Nf4 Re8 14. Ngxe6 Ne4 15.
f3 Nd6 16. Nc5 Qd8 17. cxd5 cxd5 18. Nxd5 b6 19. Ne6 Qd7 20. Nec7 Rc8 21. Nxa8
Ne8 22. Naxb6 1-0

[Event "4NCL Division 3 North"]
[Site "Doncaster, ENG"]
[Date "2017.11.11"]
[Round "1.71"]
[White "Rahulan, Thivyaa"]
[Black "Rutter, Nick J"]
[Result "0-1"]
[WhiteElo "1795"]
[BlackElo "2245"]
[PlyCount "78"]
[EventDate "2017.11.11"]
[WhiteTeam "Manchester Manticores 4"]
[BlackTeam "Shropshire 1"]

1. e4 c5 2. c3 d5 3. exd5 Qxd5 4. d4 Nc6 5. Nf3 Bf5 6. Be3 Nf6 7. Be2 cxd4 8.
cxd4 Bxb1 9. Rxb1 e6 10. a3 Bd6 11. O-O O-O 12. Rc1 Rac8 13. Bc4 Qh5 14. h3
Rfd8 15. Qe2 Ne7 16. b4 Ned5 17. Rfd1 Bf4 18. Bxf4 Nxf4 19. Qe5 Qxe5 20. dxe5
N6d5 21. g3 Ng6 22. Kg2 Nge7 23. Bb3 g6 24. Ng5 Rxc1 25. Rxc1 Nc6 26. f4 Ne3+
27. Kf2 Rd3 28. Ba4 Rxa3 29. Bxc6 bxc6 30. Rxc6 Nd5 31. b5 Kg7 32. Ne4 Ra2+ 33.
Ke1 h5 34. Nd6 h4 35. gxh4 Nxf4 36. Kd1 Nd3 37. Nc4 Nb2+ 38. Nxb2 Rxb2 39. Rc5
Rb3 0-1

[Event "4NCL Division 3 North"]
[Site "Doncaster, ENG"]
[Date "2017.11.11"]
[Round "1.72"]
[White "Hurney, Kevin"]
[Black "Raghavendra, Mahima"]
[Result "1-0"]
[WhiteElo "2132"]
[BlackElo "1810"]
[PlyCount "67"]
[EventDate "2017.11.11"]
[WhiteTeam "Shropshire 1"]
[BlackTeam "Manchester Manticores 4"]

1. e4 c5 2. Nf3 g6 3. Bc4 Nc6 4. O-O Bg7 5. Nc3 e6 6. d3 Nf6 7. Bg5 h6 8. Bh4
d6 9. Qd2 a6 10. a4 g5 11. Bg3 Nh5 12. Ne2 d5 13. exd5 exd5 14. Ba2 O-O 15. d4
Nxg3 16. fxg3 c4 17. c3 b5 18. Bb1 Rb8 19. Qc2 f5 20. g4 b4 21. gxf5 Bxf5 22.
Qd2 Bxb1 23. Raxb1 b3 24. Ng3 Qd7 25. Rbe1 Rbe8 26. Nh5 Nd8 27. Ne5 Bxe5 28.
dxe5 Qa7+ 29. Kh1 Rxf1+ 30. Rxf1 Rxe5 31. Nf6+ Kg7 32. Ng4 Re7 33. Qxd5 Qb6 34.
a5 1-0

[Event "4NCL Division 3 North"]
[Site "Doncaster, ENG"]
[Date "2017.11.11"]
[Round "1.73"]
[White "Lonsdale, Jon I"]
[Black "Bryant, Richard B E"]
[Result "1/2-1/2"]
[WhiteElo "1832"]
[BlackElo "2035"]
[PlyCount "61"]
[EventDate "2017.11.11"]
[WhiteTeam "Manchester Manticores 4"]
[BlackTeam "Shropshire 1"]

1. e4 e6 2. d4 d5 3. e5 c5 4. c3 Nc6 5. Nf3 Qb6 6. a3 Bd7 7. b4 cxd4 8. cxd4 a5
9. b5 Na7 10. a4 Nh6 11. Bd3 Nf5 12. Be3 Bb4+ 13. Nbd2 Qd8 14. O-O Nc8 15. Qb3
Nce7 16. Rfc1 Rc8 17. Nf1 O-O 18. Bd2 Bxd2 19. N1xd2 Qb6 20. Qb2 Nc6 21. Nb3
Nb4 22. Bf1 Qd8 23. Rxc8 Bxc8 24. Nc5 Nh4 25. Nxh4 Qxh4 26. Nd3 Nxd3 27. Bxd3
b6 28. Rc1 f6 29. exf6 Qxf6 30. Rc7 Qd8 31. Qc2 1/2-1/2

[Event "4NCL Division 3 North"]
[Site "Doncaster, ENG"]
[Date "2017.11.11"]
[Round "1.74"]
[White "Jamieson, Ian"]
[Black "Gawne, Martin"]
[Result "1-0"]
[WhiteElo "2035"]
[BlackElo "1817"]
[PlyCount "85"]
[EventDate "2017.11.11"]
[WhiteTeam "Shropshire 1"]
[BlackTeam "Manchester Manticores 4"]

1. b4 e5 2. Bb2 d6 3. c4 Nf6 4. Nf3 Nbd7 5. g3 g6 6. Bg2 Bg7 7. a4 O-O 8. Nc3
c6 9. b5 Qc7 10. a5 Nc5 11. Ba3 Be6 12. Nxe5 dxe5 13. Bxc5 Bxc4 14. Bxf8 Bxf8
15. a6 Nd5 16. axb7 Qxb7 17. bxc6 Qxc6 18. d3 Bb4 19. dxc4 Bxc3+ 20. Kf1 Ne3+
21. fxe3 Qf6+ 22. Kg1 Rd8 23. Bd5 Qg5 24. Kf2 Bxa1 25. Qxa1 Rd6 26. Rf1 Rf6+
27. Kg2 Rxf1 28. Qxf1 Qe7 29. Qf3 Kg7 30. e4 f6 31. Qe3 a5 32. c5 Qa7 33. Qc3
Kf8 34. c6 Qc7 35. Qc5+ Ke8 36. Qb5 Ke7 37. Qb7 Kd6 38. Qxc7+ Kxc7 39. Kf3 f5
40. exf5 gxf5 41. e4 fxe4+ 42. Kxe4 Kd6 43. g4 1-0

[Event "4NCL Division 3 North"]
[Site "Doncaster, ENG"]
[Date "2017.11.11"]
[Round "1.75"]
[White "Barooah, Michael"]
[Black "Higgie, Charles L"]
[Result "1/2-1/2"]
[WhiteElo "1735"]
[BlackElo "2020"]
[PlyCount "79"]
[EventDate "2017.11.11"]
[WhiteTeam "Manchester Manticores 4"]
[BlackTeam "Shropshire 1"]

1. d4 Nf6 2. c4 g6 3. Nc3 d5 4. cxd5 Nxd5 5. e4 Nxc3 6. bxc3 Bg7 7. Bc4 O-O 8.
Ne2 c5 9. O-O Nc6 10. Be3 Bg4 11. f3 Na5 12. Bd3 cxd4 13. cxd4 Be6 14. Qa4 Rc8
15. Rac1 Bd7 16. Bb5 Bxb5 17. Qxb5 b6 18. Rxc8 Qxc8 19. Rc1 Qb7 20. Bd2 a6 21.
Qd3 Nc6 22. Qc4 Rc8 23. d5 Na7 24. Qd3 Nb5 25. Rxc8+ Qxc8 26. Be3 e6 27. dxe6
Qxe6 28. Qd8+ Bf8 29. Bxb6 Qxa2 30. Bc5 Qa1+ 31. Kf2 Qg7 32. Nf4 Nc3 33. Bd4
Qh6 34. Bxc3 Qxf4 35. Qd4 f6 36. Qd5+ Kg7 37. Qd7+ Kg8 38. Qe6+ Kg7 39. Qd7+
Kg8 40. Qe6+ 1/2-1/2

[Event "4NCL Division 3 North"]
[Site "Doncaster, ENG"]
[Date "2017.11.11"]
[Round "1.76"]
[White "Whyte, Brian G"]
[Black "Pardoe, David"]
[Result "1-0"]
[WhiteElo "1997"]
[BlackElo "1787"]
[PlyCount "55"]
[EventDate "2017.11.11"]
[WhiteTeam "Shropshire 1"]
[BlackTeam "Manchester Manticores 4"]

1. Nf3 d5 2. c4 d4 3. e3 c5 4. b4 e6 5. Bb2 dxe3 6. fxe3 cxb4 7. d4 Nf6 8. Bd3
b6 9. O-O Bb7 10. Nbd2 Be7 11. e4 h6 12. Qe2 Nbd7 13. e5 Nh7 14. Ne4 Qc7 15.
Rac1 a5 16. Ng3 O-O 17. Ne4 Rad8 18. Bb1 Rfe8 19. Kh1 Ndf8 20. Nfd2 Ng5 21. Qf2
Nfh7 22. h4 Nxe4 23. Qxf7+ Kh8 24. Nxe4 Rf8 25. Qxe6 Bxh4 26. Nd6 Ng5 27. Qg4
Rxf1+ 28. Rxf1 1-0

[Event "4NCL Division 3 North"]
[Site "Doncaster, ENG"]
[Date "2017.11.11"]
[Round "1.81"]
[White "Paul, Nathanael"]
[Black "Dong, Bao Nghia"]
[Result "1/2-1/2"]
[WhiteElo "1997"]
[BlackElo "2143"]
[PlyCount "113"]
[EventDate "2017.11.11"]
[WhiteTeam "Shropshire 2"]
[BlackTeam "Ashfield-Breadsall 1"]

1. e4 e6 2. d4 d5 3. Nc3 dxe4 4. Nxe4 Bd7 5. Nf3 Bc6 6. Bd3 Nd7 7. c3 Be7 8.
O-O Ngf6 9. Nxf6+ Bxf6 10. Bf4 O-O 11. Re1 b6 12. Qe2 Bd5 13. Ne5 Nxe5 14. dxe5
Bg5 15. Bg3 g6 16. f4 Bh4 17. Rad1 Bxg3 18. hxg3 Qe7 19. g4 Qh4 20. f5 Rad8 21.
f6 Qg3 22. Qd2 Bxg2 23. Qxg2 Rxd3 24. Qxg3 Rxg3+ 25. Kf2 Rxg4 26. Rd7 Rc4 27.
Red1 Re8 28. Kf3 Kf8 29. R1d3 a5 30. b3 Rc5 31. Kf4 g5+ 32. Ke4 g4 33. c4 b5
34. Rd1 bxc4 35. Rh1 Kg8 36. Kd4 Rd5+ 37. Rxd5 exd5 38. bxc4 dxc4 39. Rh4 c5+
40. Ke4 Rd8 41. Rxg4+ Kf8 42. Rg2 h5 43. Kf5 h4 44. Rg7 c3 45. Rh7 Kg8 46. Rxh4
Rd4 47. Rh2 Rd2 48. Rh3 c2 49. Rc3 Kf8 50. Rxc5 Ke8 51. Ke4 Kd7 52. a4 Rh2 53.
Kd5 Re2 54. Rc4 Kd8 55. Kd6 Rd2+ 56. Kc6 Kc8 57. e6 1/2-1/2

[Event "4NCL Division 3 North"]
[Site "Doncaster, ENG"]
[Date "2017.11.11"]
[Round "1.82"]
[White "Walker, Andrew N"]
[Black "Lewis, Christopher D"]
[Result "1/2-1/2"]
[WhiteElo "2064"]
[BlackElo "1907"]
[PlyCount "45"]
[EventDate "2017.11.11"]
[WhiteTeam "Ashfield-Breadsall 1"]
[BlackTeam "Shropshire 2"]

1. e4 c6 2. Nc3 d5 3. Nf3 dxe4 4. Nxe4 Bf5 5. Ng3 Bg6 6. Bc4 e6 7. O-O Nf6 8.
d4 Be7 9. c3 Nbd7 10. Re1 Qc7 11. Ne5 O-O-O 12. Bf4 Bd6 13. Qf3 Rhf8 14. Nd3 c5
15. Bxd6 Qxd6 16. dxc5 Nxc5 17. Nxc5 Qxc5 18. Bb3 Rd2 19. Re2 Rfd8 20. Rae1
R8d3 21. Qf4 Qd6 22. Qxd6 Rxd6 23. Rxd2 1/2-1/2

[Event "4NCL Division 3 North"]
[Site "Doncaster, ENG"]
[Date "2017.11.11"]
[Round "1.83"]
[White "Hinchcliffe, Gary"]
[Black "Somton, Anita"]
[Result "1/2-1/2"]
[WhiteElo "1877"]
[BlackElo "1967"]
[PlyCount "39"]
[EventDate "2017.11.11"]
[WhiteTeam "Shropshire 2"]
[BlackTeam "Ashfield-Breadsall 1"]

1. d4 Nf6 2. Nf3 g6 3. Bf4 Bg7 4. e3 d5 5. h3 O-O 6. Bd3 c5 7. c3 Nc6 8. Ne5
Nd7 9. Nxd7 Bxd7 10. Nd2 e5 11. dxe5 Nxe5 12. Be2 Bc6 13. Nf3 Nxf3+ 14. Bxf3 d4
15. Bxc6 bxc6 16. cxd4 Qa5+ 17. Qd2 Qxd2+ 18. Kxd2 cxd4 19. Rac1 dxe3+ 20. Bxe3
1/2-1/2

[Event "4NCL Division 3 North"]
[Site "Doncaster, ENG"]
[Date "2017.11.11"]
[Round "1.84"]
[White "Levens, David G"]
[Black "Ross, Stuart"]
[Result "0-1"]
[WhiteElo "1959"]
[BlackElo "1667"]
[PlyCount "92"]
[EventDate "2017.11.11"]
[WhiteTeam "Ashfield-Breadsall 1"]
[BlackTeam "Shropshire 2"]

1. e4 e5 2. Nf3 Nc6 3. Bc4 Bc5 4. c3 Nf6 5. d4 exd4 6. cxd4 Bb4+ 7. Nc3 Nxe4 8.
O-O Bxc3 9. d5 O-O 10. bxc3 Ne7 11. Qd4 Nf6 12. Bg5 Ng6 13. d6 cxd6 14. h4 h6
15. Bxf6 Qxf6 16. Qxf6 gxf6 17. Rad1 Ne5 18. Be2 Re8 19. Nd4 Nc6 20. Bc4 Re4
21. Rfe1 Rxh4 22. Re8+ Kh7 23. Bd3+ f5 24. Nxf5 Ra4 25. Nxd6+ Kg7 26. Nxc8 Rxa2
27. Bf5 a5 28. Bxd7 a4 29. Rb1 a3 30. Ree1 Rb2 31. Ra1 a2 32. Nb6 Rxb6 33. Kh2
Rb2 34. Bf5 Rxf2 35. Be4 Rb2 36. Kg3 Re8 37. Kf3 Na5 38. Red1 Nb3 39. Bd5 Nxa1
40. Rxa1 Ree2 41. Be4 b6 42. g4 Kf6 43. Bd3 Rf2+ 44. Ke3 Ke5 45. c4 Rg2 46. Bf5
Rb3+ 0-1

[Event "4NCL Division 3 North"]
[Site "Doncaster, ENG"]
[Date "2017.11.11"]
[Round "1.85"]
[White "Paul, Christopher"]
[Black "Flynn, David"]
[Result "0-1"]
[WhiteElo "1637"]
[BlackElo "1868"]
[PlyCount "118"]
[EventDate "2017.11.11"]
[WhiteTeam "Shropshire 2"]
[BlackTeam "Ashfield-Breadsall 1"]

1. d4 Nf6 2. Bf4 g6 3. e3 Bg7 4. c3 O-O 5. Bd3 d6 6. Qc2 Nbd7 7. Nf3 Qe8 8. O-O
e5 9. dxe5 dxe5 10. Nxe5 Nxe5 11. Nd2 Nxd3 12. Qxd3 Qc6 13. Qc2 Bf5 14. Qb3 Ne4
15. Nxe4 Bxe4 16. f3 Bf5 17. e4 Be6 18. Qc2 Rad8 19. Be3 f5 20. a3 Qb5 21. a4
Qd3 22. Qc1 fxe4 23. f4 b6 24. h3 Qd7 25. Qc2 Bc4 26. Rfd1 Qe6 27. Re1 Bd3 28.
Qc1 Qb3 29. Kh2 Rd5 30. Ra3 Qc4 31. Ra1 a5 32. Rd1 Rfd8 33. Rg1 Be2 34. Qc2 Bd3
35. Qc1 Bf8 36. Re1 Bc5 37. Qd2 Qb3 38. Bxc5 Rxc5 39. Rxe4 Qc2 40. Qxc2 Bxc2
41. Re2 Bf5 42. Rae1 Rcd5 43. Re8+ Rxe8 44. Rxe8+ Kf7 45. Re2 Bd7 46. g3 Bxa4
47. Kg2 Bb5 48. Rf2 Bc6 49. Kh2 Rd1 50. g4 Be4 51. Kg3 Rg1+ 52. Kh2 Rc1 53. Kg3
Rc2 54. Rxc2 Bxc2 55. Kf3 Ke6 56. Ke3 Kd5 57. Kd2 Bb1 58. Kc1 Ba2 59. Kd2 Ke4
0-1

[Event "4NCL Division 3 North"]
[Site "Doncaster, ENG"]
[Date "2017.11.11"]
[Round "1.91"]
[White "Dean, Robert A"]
[Black "Gardiner, Eric D"]
[Result "0-1"]
[WhiteElo "1845"]
[BlackElo "1970"]
[PlyCount "90"]
[EventDate "2017.11.11"]
[WhiteTeam "Bradford DCA Knights C"]
[BlackTeam "Bradford DCA Knights B"]

1. e4 e6 2. d4 d5 3. Nd2 Be7 4. Ngf3 Nf6 5. Bd3 c5 6. e5 Nfd7 7. c3 Nc6 8. O-O
g5 9. h3 h5 10. g4 hxg4 11. hxg4 Qb6 12. Kg2 cxd4 13. cxd4 Nxd4 14. Rh1 Rf8 15.
Qa4 Nc6 16. Nb3 Qc7 17. Bb5 Nb6 18. Qd4 Bd7 19. Qc3 Rc8 20. Be2 Nb4 21. Qxc7
Rxc7 22. Nbd4 f6 23. exf6 Bxf6 24. Bxg5 Bxd4 25. Nxd4 e5 26. Nb5 Bxb5 27. Bxb5+
Nc6 28. Rae1 e4 29. f4 a6 30. Bxc6+ bxc6 31. Rh6 Kd7 32. b3 Kc8 33. Reh1 Kb7
34. Rh8 Rxh8 35. Rxh8 d4 36. Bf6 Nd5 37. Be5 Rf7 38. f5 d3 39. Rh1 e3 40. Kf3
e2 41. Kf2 Re7 42. f6 Rxe5 43. f7 d2 44. f8=Q e1=Q+ 45. Kg2 Re2+ 0-1

[Event "4NCL Division 3 North"]
[Site "Doncaster, ENG"]
[Date "2017.11.11"]
[Round "1.92"]
[White "Patrick, David A"]
[Black "Baxter, Harold"]
[Result "1-0"]
[WhiteElo "1893"]
[BlackElo "1853"]
[PlyCount "31"]
[EventDate "2017.11.11"]
[WhiteTeam "Bradford DCA Knights B"]
[BlackTeam "Bradford DCA Knights C"]

1. e4 c5 2. c3 Nf6 3. e5 Nd5 4. d4 cxd4 5. cxd4 d6 6. Nf3 Nc6 7. exd6 e6 8. Nc3
Nxc3 9. bxc3 Bxd6 10. Bd3 h6 11. O-O O-O 12. Qe2 Qa5 13. Bd2 Qh5 14. Rab1 a6
15. Rfe1 b5 16. Qe4 1-0

[Event "4NCL Division 3 North"]
[Site "Doncaster, ENG"]
[Date "2017.11.11"]
[Round "1.93"]
[White "Adam, David W"]
[Black "Barker, Arron"]
[Result "1-0"]
[WhiteElo "1787"]
[BlackElo "1885"]
[PlyCount "49"]
[EventDate "2017.11.11"]
[WhiteTeam "Bradford DCA Knights C"]
[BlackTeam "Bradford DCA Knights B"]

1. c4 b6 2. Nc3 Bb7 3. e4 e6 4. d3 d5 5. cxd5 exd5 6. Nxd5 Bxd5 7. exd5 Qxd5 8.
Nf3 Bb4+ 9. Bd2 Bxd2+ 10. Qxd2 Nc6 11. Be2 Nge7 12. O-O O-O 13. Rac1 Qxa2 14.
d4 Qd5 15. Bc4 Qd6 16. Rfe1 Rad8 17. Rcd1 a5 18. Re4 Ng6 19. h4 Rfe8 20. Rg4
Qb4 21. Qc2 Rd6 22. Ng5 Re1+ 23. Rxe1 Qxe1+ 24. Kh2 h6 25. Nxf7 1-0

[Event "4NCL Division 3 North"]
[Site "Doncaster, ENG"]
[Date "2017.11.11"]
[Round "1.94"]
[White "McCarthy, Damian"]
[Black "Clarke, Paul Rh"]
[Result "1-0"]
[WhiteElo "1851"]
[BlackElo "1765"]
[PlyCount "71"]
[EventDate "2017.11.11"]
[WhiteTeam "Bradford DCA Knights B"]
[BlackTeam "Bradford DCA Knights C"]

1. d4 d5 2. c4 dxc4 3. e4 Nf6 4. e5 Nd5 5. Bxc4 Nb6 6. Bb3 Nc6 7. Ne2 Nb4 8. a3
N4d5 9. O-O Bf5 10. Ng3 Bg6 11. Nc3 e6 12. f4 Be7 13. f5 exf5 14. Nxf5 Bxf5 15.
Rxf5 O-O 16. Qe2 c6 17. Bd2 g6 18. Rf3 Bg5 19. Bxg5 Qxg5 20. Ne4 Qe7 21. Raf1
Rad8 22. Qf2 Kg7 23. Nf6 Rc8 24. Rh3 h6 25. Rxh6 Rh8 26. Rxh8 Rxh8 27. g3 Qe6
28. Ne4 Rf8 29. h4 Qg4 30. Ng5 f5 31. Ne6+ Kf7 32. Nxf8 Kxf8 33. Bd1 Qe4 34.
Re1 Qd3 35. Bc2 Qb5 36. h5 1-0

[Event "4NCL Division 3 North"]
[Site "Doncaster, ENG"]
[Date "2017.11.11"]
[Round "1.95"]
[White "Mahoney, Nicholas"]
[Black "Slinger, Tony J"]
[Result "0-1"]
[WhiteElo "1725"]
[BlackElo "1866"]
[PlyCount "52"]
[EventDate "2017.11.11"]
[WhiteTeam "Bradford DCA Knights C"]
[BlackTeam "Bradford DCA Knights B"]

1. e4 c5 2. Nf3 d6 3. d4 cxd4 4. Qxd4 a6 5. Be3 Nc6 6. Qb6 Qxb6 7. Bxb6 Nf6 8.
Nc3 g6 9. h3 Bg7 10. Bd3 O-O 11. O-O-O Nd7 12. Nd5 e6 13. Bc7 exd5 14. exd5
Nce5 15. Bxd6 Nxd3+ 16. Rxd3 Re8 17. Rf1 b5 18. b3 Bb7 19. Bg3 Nc5 20. Rdd1 Ne4
21. d6 Nxg3 22. fxg3 Red8 23. Ng5 Bh6 24. h4 Rd7 25. Kb1 Rad8 26. Rfe1 Bf8 0-1